El cuento erótico griego, latino e indio (Record no. 185527)

MARC details
000 -LEADER
campo de control de longitud fija 00955nam a2200241 i 4500
001 - NÚMERO DE CONTROL
campo de control 185527
003 - IDENTIFICADOR DE NÚMERO DE CONTROL
campo de control SpMaBN
005 - FECHA Y HORA DE LA ÚLTIMA TRANSACCIÓN
campo de control 20250817120125.0
008 - DATOS DE LONGITUD FIJA--INFORMACIÓN GENERAL
campo de control de longitud fija 160628s1994 sp a |||| | spa d
020 ## - NÚMERO INTERNACIONAL ESTÁNDAR DEL LIBRO
Número Internacional Estándar del Libro 84-7923-023-1
080 ## - NÚMERO DE LA CLASIFICACIÓN DECIMAL UNIVERSAL
Número de la Clasificación Decimal Universal 82-993(082.2)
245 03 - MENCIÓN DEL TÍTULO
Título El cuento erótico griego, latino e indio
Resto del título : estudio y antología /
Mención de responsabilidad, etc. introducción, traducción y notas de Francisco Rodríguez Adrados ; ilustraciones de Antonio Mingote.
250 ## - MENCION DE EDICION
Mención de edición 1ª ed.
260 ## - PUBLICACIÓN, DISTRIBUCIÓN, ETC.
Lugar de publicación, distribución, etc. Madrid :
Nombre del editor, distribuidor, etc. Ediciones del Orto,
Fecha de publicación, distribución, etc. 1994.
300 ## - DESCRIPCIÓN FÍSICA
Extensión XXV, 322 p. :
Otras características físicas il. ;
Dimensiones 23 cm.
504 ## - NOTA DE BIBLIOGRAFÍA, ETC.
Nota de bibliografía, etc. Referencias bibliográficas.
650 #7 - PUNTO DE ACCESO ADICIONAL DE MATERIA--TÉRMINO DE MATERIA
Término de materia o nombre geográfico como elemento de entrada Cuentos eróticos.
9 (RLIN) 144985
650 #4 - PUNTO DE ACCESO ADICIONAL DE MATERIA--TÉRMINO DE MATERIA
Término de materia o nombre geográfico como elemento de entrada Literatura erótica antigua-
Subdivisión general Historia y crítica.
9 (RLIN) 160039
700 1# - ENTRADA AGREGADA--NOMBRE PERSONAL
Nombre de persona Rodríguez Adrados, Francisco,
Fechas asociadas al nombre 1922-2020
9 (RLIN) 98318
700 1# - ENTRADA AGREGADA--NOMBRE PERSONAL
Nombre de persona Mingote, Antonio,
Fechas asociadas al nombre 1919-2012
9 (RLIN) 240761
852 ## - LOCALIZACIÓN
Ubicación ES-MaACL
Número de control de estantería L-30431
Nota libre - enc. guaflex
-- . - Donat. Miguel A. Velasco
Holdings
Estatus retirado Estado de pérdida Estado de daño No para préstamo Biblioteca de origen Biblioteca actual Ubicación en estantería Fecha de adquisición Fuente de adquisición Total de préstamos Signatura topográfica completa Código de barras Visto por última vez Precio de reemplazo Tipo de ítem Koha
        Biblioteca del Ateneo de Madrid Biblioteca del Ateneo de Madrid Depósito 2 28/06/2016     L-30431 1195528 23/02/2023 23/02/2023 Libro impreso